Erfolgreichste Game Boy-Spiele nach Hauptschurken - Statistiken

Allgemein
  • Dieses Quiz wurde 15 mal gespielt
  • Das Durchschnittsergebnis liegt bei 7 aus 16
Antwortstatistiken
Bildquiz Antwort % Korrekt
Donkey Kong
100%
Super Mario Bros. Deluxe
92%
Kirby's Dream Land / Kirby's Pinball Land
69%
Pokémon Goldene Edition / Pokémon Silberne Edition / Pokémon Kristall-Edition
62%
Pokémon Rote Edition / Pokémon Blaue Edition / Pokémon Gelbe Edition
62%
Donkey Kong Land / Donkey Kong Land 2 / Donkey Kong Country
54%
Super Mario Land
46%
Super Mario Land 2: 6 Golden Coins
38%
Wario Land: Super Mario Land 3
38%
Yu-Gi-Oh! Dark Duel Stories
31%
Metroid II: Return of Samus
23%
The Legend of Zelda: Link's Awakening / The Legend of Zelda: Link's Awakening DX
15%
The Legend of Zelda: Oracle of Ages
15%
The Legend of Zelda: Oracle of Seasons
15%
Kirby's Dream Land 2
8%
Wario Land 3
8%
Keine übereinstimmenden Quizze gefunden
Verteilung der Resultate
Anzahl Personen mit jedem Resultat
Perzentil nach korrekt beantworteten Fragen
Ihre Resultats-Entwicklung
Sie haben dieses Quiz noch nicht gespielt